[Event "Barcelona Sant Marti op-B 25th"]
[Site "Barcelona"]
[Date "2025.07.15"]
[Round "3"]
[White "Espinoza Roman, Juan Carlos"]
[Black "Salazar Navas, Josep"]
[Result "1-0"]
[WhiteElo "1816"]
[BlackElo "1649"]
[PlyCount "56"]
[EventDate "2025.07.13"]
[EventType "swiss"]
[EventRounds "9"]
[EventCountry "ESP"]
[SourceTitle "CB30_2025"]
[SourceDate "2025.07.23"]
[SourceVersion "1"]
[SourceVersionDate "2025.07.23"]
[SourceQuality "1"]

1. d4 Nf6 2. Bg5 e6 3. Nf3 c5 4. c3 d5 5. e3 Qb6 6. Qb3 Ne4 7. h4 c4 8. Qc2 Bd6 9. Nbd2 Nxd2 10. Qxd2 h6 11. Bf4 Nd7 12. Be2 Nf6 13. Bxd6 Qxd6 14. Qc2 b5 15. Ne5 Ne4 16. a4 b4 17. Nxc4 Qc7 18. cxb4 Ng3 19. fxg3 Qxg3+ 20. Kf1 dxc4 21. Bf3 Rb8 22. Bc6+ Bd7 23. Bxd7+ Kxd7 24. Rh3 Qd6 25. b5 Rhc8 26. Rf3 Qh2 27. Rxf7+ Ke8 28. Qg6 Qd6 1-0

[Event "NCA-ch sf"]
[Site "Managua"]
[Date "2023.02.11"]
[Round "7.17"]
[White "Espinoza Roman, Juan Carlos"]
[Black "Espinoza Ortega, Yader Francisco"]
[Result "1-0"]
[WhiteElo "1730"]
[BlackElo "1485"]
[PlyCount "46"]
[EventDate "2023.01.28"]
[EventType "swiss"]
[EventRounds "9"]
[EventCountry "NCA"]
[SourceTitle "CBM 213 Extra"]
[Source "ChessBase"]
[SourceDate "2023.05.31"]
[SourceVersion "1"]
[SourceVersionDate "2023.05.31"]
[SourceQuality "1"]

1. d4 Nf6 2. Nf3 c5 3. d5 d6 4. c4 g6 5. Nc3 Bg7 6. e4 Qa5 7. Bd2 Qb6 8. Qc1 Nxe4 9. Nxe4 Bxb2 10. Qd1 Bxa1 11. Qxa1 f6 12. Bc3 Bf5 13. Bd3 Nd7 14. 0-0 0-0 15. Rb1 Qa6 16. Qb2 Bxe4 17. Bxe4 Qxc4 18. Qc2 Nb6 19. Bxg6 Nxd5 20. Bxh7+ Kh8 21. Bxf6+ Nxf6 22. Qxc4 Kxh7 23. Ng5+ Kg7 1-0

[Event "NCA-ch sf"]
[Site "Managua"]
[Date "2023.02.05"]
[Round "6.14"]
[White "Mendoza Taisigue, Jackson Alexander"]
[Black "Espinoza Roman, Juan Carlos"]
[Result "1/2-1/2"]
[WhiteElo "1949"]
[BlackElo "1730"]
[PlyCount "110"]
[EventDate "2023.01.28"]
[EventType "swiss"]
[EventRounds "9"]
[EventCountry "NCA"]
[SourceTitle "CBM 213 Extra"]
[Source "ChessBase"]
[SourceDate "2023.05.31"]
[SourceVersion "1"]
[SourceVersionDate "2023.05.31"]
[SourceQuality "1"]

1. d4 Nf6 2. c4 e6 3. Nf3 b6 4. g3 Bb7 5. Bg2 Be7 6. Nc3 Ne4 7. Qd3 f5 8. 0-0 Nxc3 9. Qxc3 0-0 10. b3 d6 11. Bb2 Bf6 12. Rad1 Nd7 13. Qc1 Qe7 14. b4 Rac8 15. Rfe1 Be4 16. Nd2 Bxg2 17. Kxg2 d5 18. cxd5 exd5 19. Qc6 Qf7 20. Rc1 Nb8 21. Qc2 Be7 22. b5 f4 23. Nf3 fxg3 24. hxg3 c6 25. Qa4 cxb5 26. Qxa7 Qf6 27. Qb7 Qe6 28. Rxc8 Rxc8 29. e4 Bb4 30. exd5 Qd7 31. Qxd7 Nxd7 32. Re2 Nf6 33. Ng5 h6 34. Ne6 Nxd5 35. Re5 Nf6 36. Rxb5 Ba5 37. d5 Rc2 38. Nd4 Rd2 39. Nc6 Ne4 40. Bd4 Nd6 41. Rb3 Nc4 42. a3 Kf7 43. Nxa5 bxa5 44. Rb7+ Ke8 45. Bxg7 Rxd5 46. Bxh6 Nxa3 47. Ra7 Nc4 48. Bf4 Nb6 49. Be3 Nc8 50. Ra6 Kd7 51. Bd2 Rxd2 52. Rxa5 Nd6 53. Re5 Nc4 54. Re1 Kd6 55. g4 Ne5 1/2-1/2

[Event "NCA-ch Fase 2"]
[Site "Managua"]
[Date "2022.01.29"]
[Round "4"]
[White "Castillo, Rommel"]
[Black "Espinoza Roman, Juan Carlos"]
[Result "1-0"]
[WhiteElo "1970"]
[BlackElo "1787"]
[PlyCount "64"]
[EventDate "2022.01.22"]
[EventType "swiss"]
[EventRounds "9"]
[EventCountry "NCA"]
[SourceTitle "CBM 207 Extra"]
[Source "ChessBase"]
[SourceDate "2022.05.31"]
[SourceVersion "1"]
[SourceVersionDate "2022.05.31"]
[SourceQuality "1"]

1. c4 e5 2. Nc3 Nf6 3. g3 Bc5 4. Bg2 Nc6 5. e3 d6 6. h3 h6 7. Nge2 Bb6 8. 0-0 0-0 9. d4 exd4 10. exd4 Bf5 11. Be3 Re8 12. a3 a5 13. Rc1 Qd7 14. Kh2 Nd8 15. Qd2 Ne4 16. Nxe4 Bxe4 17. Bxe4 Rxe4 18. Nc3 Re8 19. Nd5 Ne6 20. c5 Qc6 21. Nf6+ gxf6 22. d5 Qb5 23. cxb6 Ng5 24. Bxg5 fxg5 25. bxc7 Rac8 26. Rfe1 Rxe1 27. Qxe1 Qxd5 28. Qe7 Qe6 29. Qd8+ Kg7 30. Kg2 d5 31. Rc3 Qe8 32. Qxe8 Rxe8 1-0

[Event "Managua Hurtado Memorial op"]
[Site "Managua"]
[Date "2021.12.30"]
[Round "9"]
[White "Espinoza Roman, Juan Carlos"]
[Black "Ortiz, Heriberto"]
[Result "0-1"]
[WhiteElo "1787"]
[BlackElo "1835"]
[PlyCount "107"]
[EventDate "2021.12.26"]
[EventType "swiss"]
[EventRounds "9"]
[EventCountry "NCA"]
[SourceTitle "CBM 206 Extra"]
[Source "ChessBase"]
[SourceDate "2022.03.31"]
[SourceVersion "1"]
[SourceVersionDate "2022.03.31"]
[SourceQuality "1"]

1. d4 d6 2. c4 g6 3. Nc3 Bg7 4. g3 Nf6 5. Bg2 0-0 6. Nf3 Nbd7 7. 0-0 a6 8. b3 Re8 9. Qc2 e5 10. dxe5 Nxe5 11. Bb2 Nfg4 12. e3 Nxf3+ 13. Bxf3 Qg5 14. Nd5 Bxb2 15. Qxb2 Ne5 16. Bg2 Qd8 17. Rad1 c6 18. Nf4 Qf6 19. Qe2 Bg4 20. f3 Bf5 21. e4 Bd7 22. Qd2 g5 23. Nh5 Qg6 24. g4 Re6 25. h3 Qh6 26. f4 gxf4 27. Nxf4 Rf6 28. Rf2 Qh4 29. Qd4 Kf8 30. c5 Bxg4 31. Rdd2 Qg3 32. hxg4 Nxg4 33. Qd3 Qh2+ 34. Kf1 d5 35. Qh3 Rxf4 36. Qxh2 Nxh2+ 37. Kg1 Rxf2 38. Rxf2 Ng4 39. Rf4 Ne3 40. Bh3 Ke7 41. exd5 Nxd5 42. Re4+ Kf6 43. Rh4 Rg8+ 44. Kf2 Rg7 45. Bc8 a5 46. Bxb7 Nb4 47. a3 Nd3+ 48. Ke2 Nxc5 49. Bxc6 Nxb3 50. Be4 Ke5 51. Bxh7 Nd4+ 52. Kd3 Ne6 53. Kc4 Rg3 54. Bd3 0-1

[Event "Managua Hurtado Memorial op"]
[Site "Managua"]
[Date "2021.12.27"]
[Round "2"]
[White "Castillo, Rommel"]
[Black "Espinoza Roman, Juan Carlos"]
[Result "1-0"]
[WhiteElo "1970"]
[BlackElo "1787"]
[PlyCount "141"]
[EventDate "2021.12.26"]
[EventType "swiss"]
[EventRounds "9"]
[EventCountry "NCA"]
[SourceTitle "CBM 206 Extra"]
[Source "ChessBase"]
[SourceDate "2022.03.31"]
[SourceVersion "1"]
[SourceVersionDate "2022.03.31"]
[SourceQuality "1"]

1. c4 Nf6 2. Nc3 e6 3. g3 d5 4. Bg2 c6 5. b3 d4 6. Nb1 e5 7. d3 Bb4+ 8. Nd2 0-0 9. Bb2 Bf5 10. Ngf3 Nbd7 11. 0-0 Rb8 12. a3 Be7 13. b4 a5 14. c5 axb4 15. axb4 Nd5 16. Qb3 Be6 17. Nc4 Qc7 18. Ra2 Ra8 19. Rfa1 Rxa2 20. Rxa2 f6 21. Ra3 Nc3 22. Kf1 Nb5 23. Ra5 Bd8 24. Ba1 Bd5 25. Nfd2 Bxg2+ 26. Kxg2 Kh8 27. Ne4 Qb8 28. Rxb5 cxb5 29. Ncd6 h6 30. Qe6 Qc7 31. Nxb5 Qc6 32. Nbd6 f5 33. b5 Qc7 34. Ne8 Rxe8 35. Qxe8+ Kh7 36. Nd6 Nxc5 37. Qxe5 Bf6 38. Qxf5+ Kg8 39. Qd5+ Kh8 40. Ne8 Qe7 41. Nxf6 gxf6 42. Bxd4 Ne6 43. Be3 Kg7 44. Qh5 Ng5 45. h4 Nf7 46. Qg4+ Kh7 47. Qe4+ Qxe4+ 48. dxe4 Nd6 49. b6 Nxe4 50. f3 Nd6 51. g4 Nc4 52. Bd4 Kg6 53. Kg3 Na5 54. h5+ Kf7 55. Kf4 Nc6 56. Bc3 Ne7 57. e4 Nc8 58. Bd4 Nd6 59. Bxf6 Nc4 60. Bd4 Nd2 61. Kg3 Nb3 62. Be3 Na5 63. e5 Nc4 64. Bd4 Na5 65. f4 Nc6 66. Bc3 Ne7 67. f5 Nd5 68. Bd4 Nb4 69. e6+ Ke8 70. f6 Nc6 71. f7+ 1-0

[Event "NCA-chT 1st Stage"]
[Site "Managua"]
[Date "2021.10.09"]
[Round "7.1"]
[White "Alvarez Gutierrez, Patricia"]
[Black "Espinoza Roman, Juan Carlos"]
[Result "0-1"]
[WhiteElo "1645"]
[BlackElo "1778"]
[PlyCount "76"]
[EventDate "2021.09.25"]
[EventType "team-swiss"]
[EventRounds "9"]
[EventCountry "NCA"]
[SourceTitle "EXT 2023"]
[Source "ChessBase"]
[SourceDate "2022.10.05"]
[SourceVersion "1"]
[SourceVersionDate "2022.10.05"]
[SourceQuality "1"]
[WhiteTeam "UNI Femenino (W)"]
[BlackTeam "Petrosian CC"]
[WhiteTeamCountry "NCA"]
[BlackTeamCountry "NCA"]

1. d4 d5 2. Bf4 Nf6 3. e3 c5 4. c3 Nc6 5. Nd2 e6 6. Bd3 Bd6 7. Bg3 0-0 8. Ngf3 b6 9. Ne5 Bb7 10. f4 Ne7 11. Qf3 Nf5 12. Bf2 Be7 13. Ng4 Nxg4 14. Qxg4 Nd6 15. f5 exf5 16. Bxf5 Nxf5 17. Qxf5 Ba6 18. 0-0-0 g6 19. Qf3 Rc8 20. e4 dxe4 21. Nxe4 f5 22. Ng3 Qc7 23. Rhe1 Bb7 24. d5 Bf6 25. Ne2 Bg5+ 26. Kb1 Rce8 27. g3 Qd6 28. c4 Re4 29. Qd3 Rfe8 30. Nf4 Bc8 31. Rxe4 fxe4 32. Qe3 Bg4 33. Rf1 Qe5 34. h3 Bd7 35. Bg1 Bf6 36. Rf2 Bg7 37. Re2 Qg5 38. g4 Bd4 0-1

[Event "NCA-chT 1st Stage"]
[Site "Managua"]
[Date "2021.09.26"]
[Round "2.1"]
[White "Espinoza Roman, Juan Carlos"]
[Black "Medrano Miranda, Luis Benjamin"]
[Result "1-0"]
[WhiteElo "1778"]
[BlackElo "1432"]
[PlyCount "59"]
[EventDate "2021.09.25"]
[EventType "team-swiss"]
[EventRounds "9"]
[EventCountry "NCA"]
[SourceTitle "EXT 2023"]
[Source "ChessBase"]
[SourceDate "2022.10.05"]
[SourceVersion "1"]
[SourceVersionDate "2022.10.05"]
[SourceQuality "1"]
[WhiteTeam "Petrosian CC"]
[BlackTeam "UNI B"]
[WhiteTeamCountry "NCA"]
[BlackTeamCountry "NCA"]

1. d4 Nf6 2. c4 d5 3. Nf3 e6 4. g3 c5 5. Bg2 Be7 6. 0-0 0-0 7. dxc5 Bxc5 8. Qc2 b6 9. Bg5 Bb7 10. Rd1 Nbd7 11. cxd5 exd5 12. e3 Re8 13. Nc3 h6 14. Bxf6 Nxf6 15. Nd4 Qd7 16. Nde2 Rad8 17. Rd2 g5 18. Rad1 Kg7 19. Nd4 h5 20. h3 g4 21. h4 a6 22. Nde2 Qc7 23. Nxd5 Nxd5 24. Bxd5 Rxe3 25. Bxb7 Rxe2 26. Rxe2 Qxg3+ 27. Bg2 Rxd1+ 28. Qxd1 Qxh4 29. b4 Bf8 30. Qd4+ 1-0

[Event "Managua Ramirez de Arellano Memorial"]
[Site "Managua"]
[Date "2021.07.10"]
[Round "1"]
[White "Ortiz Bermudez, Victor Francisco"]
[Black "Espinoza Roman, Juan Carlos"]
[Result "0-1"]
[WhiteElo "1304"]
[BlackElo "1782"]
[PlyCount "76"]
[EventDate "2021.07.10"]
[EventType "swiss"]
[EventRounds "9"]
[EventCountry "NCA"]
[SourceTitle "EXT 2023"]
[Source "ChessBase"]
[SourceDate "2022.10.05"]
[SourceVersion "1"]
[SourceVersionDate "2022.10.05"]
[SourceQuality "1"]

1. e4 e6 2. d4 d5 3. e5 c5 4. Bb5+ Nc6 5. Ne2 Bd7 6. Be3 Nxe5 7. Bxd7+ Nxd7 8. 0-0 Qb6 9. Nbc3 Ngf6 10. a4 a6 11. Ra3 c4 12. a5 Qc6 13. Ra2 Bb4 14. f3 0-0 15. Ra4 Bd6 16. b3 cxb3 17. cxb3 Rac8 18. Qd2 Qc7 19. Bf4 Bxf4 20. Nxf4 Qxc3 21. Qxc3 Rxc3 22. Rb4 Rb8 23. Rd1 h6 24. Rd3 Rxd3 25. Nxd3 b6 26. Kf2 bxa5 27. Rxb8+ Nxb8 28. Nc5 Nfd7 29. Nb7 Nc6 30. Ke3 Kf8 31. h4 Ke7 32. f4 h5 33. g3 f6 34. Kd3 e5 35. f5 Nxd4 36. Nxa5 Nc5+ 37. Kc3 Ncxb3 38. Nxb3 Nxb3 0-1

[Event "Managua Gomez Argenal Memorial"]
[Site "Managua"]
[Date "2021.06.06"]
[Round "3"]
[White "Espinoza Roman, Juan Carlos"]
[Black "Diego Martinez, Humberto Jose"]
[Result "0-1"]
[WhiteElo "1791"]
[BlackElo "2083"]
[PlyCount "78"]
[EventDate "2021.05.29"]
[EventType "swiss"]
[EventRounds "9"]
[EventCountry "NCA"]
[SourceTitle "EXT 2022"]
[Source "ChessBase"]
[SourceDate "2021.10.06"]
[SourceVersion "1"]
[SourceVersionDate "2021.10.06"]
[SourceQuality "1"]

1. c4 c6 2. Nf3 Nf6 3. g3 d5 4. b3 Bf5 5. Bg2 e6 6. 0-0 h6 7. Bb2 Be7 8. d3 Nbd7 9. Nbd2 Bh7 10. Rc1 0-0 11. Rc2 a5 12. a3 Bd6 13. cxd5 cxd5 14. Qa1 Qe7 15. Rfc1 e5 16. Ne1 e4 17. Nf1 Bc5 18. Bh3 Bd6 19. Bxd7 Nxd7 20. Bxg7 Rfe8 21. Bxh6 Be5 22. d4 Bd6 23. Ra2 Rac8 24. Bd2 b6 25. Ne3 Nf6 26. Rxc8 Rxc8 27. Rc2 Rb8 28. a4 Qd7 29. N1g2 Kh8 30. Qf1 Rg8 31. Kh1 Bb8 32. Rc1 Nh5 33. Qd1 f5 34. Qc2 f4 35. gxf4 Qg7 36. Rg1 Nxf4 37. Qc1 Nh3 38. Rf1 Bf4 39. Nxf4 Qg1+ 0-1

[Event "Managua Muniz Memorial 3rd"]
[Site "Managua"]
[Date "2021.03.14"]
[Round "6"]
[White "Espinoza Roman, Juan Carlos"]
[Black "Berrios, Natanael"]
[Result "1/2-1/2"]
[WhiteElo "1721"]
[BlackElo "1842"]
[PlyCount "139"]
[EventDate "2021.03.06"]
[EventType "tourn"]
[EventRounds "9"]
[EventCountry "NCA"]
[SourceTitle "EXT 2022"]
[Source "ChessBase"]
[SourceDate "2021.10.06"]
[SourceVersion "1"]
[SourceVersionDate "2021.10.06"]
[SourceQuality "1"]

1. d4 Nf6 2. Bg5 e6 3. e4 Be7 4. Bd3 h6 5. Bf4 d5 6. Nc3 c5 7. dxc5 Bxc5 8. exd5 exd5 9. Qe2+ Be6 10. Nf3 Nc6 11. 0-0 0-0 12. Qd2 Re8 13. h3 Rc8 14. Rad1 a6 15. a3 Bf8 16. Ne2 Qb6 17. c3 Ne4 18. Qc2 Bc5 19. Bxe4 dxe4 20. Nd2 Bxf2+ 21. Rxf2 e3 22. Rf3 exd2+ 23. Be3 Qb3 24. Qxb3 Bxb3 25. Rxd2 Ne5 26. Rg3 Nc4 27. Nd4 Nxd2 28. Bxd2 Bc4 29. Bxh6 g6 30. Kf2 Kh7 31. Bg5 f5 32. Bf6 Re4 33. h4 Rf8 34. Bg5 Rfe8 35. Re3 Bd5 36. g3 b5 37. Bf4 Rxe3 38. Bxe3 Kg8 39. Bg5 Kf7 40. Bf4 Bc4 41. Bg5 Re4 42. Kf3 Re1 43. b3 Bd5+ 44. Kf2 Ra1 45. c4 bxc4 46. bxc4 Bxc4 47. Nc6 Bb5 48. Ne5+ Ke6 49. Nxg6 Rxa3 50. h5 Kf7 51. Ne7 Ra2+ 52. Kg1 Ra1+ 53. Kf2 Rf1+ 54. Kg2 Kg7 55. h6+ Kh7 56. Bf4 Rxf4 57. gxf4 Bd3 58. Kf2 Kxh6 59. Ke3 Be4 60. Kd4 Kh5 61. Kc3 Kg4 62. Kb2 Kxf4 63. Nxf5 Kxf5 64. Ka1 Ke5 65. Kb2 Kd5 66. Ka2 Kc5 67. Kb2 Kb4 68. Ka2 Bd5+ 69. Kb2 a5 70. Kb1 1/2-1/2

[Event "NCA-ch sf"]
[Site "Managua"]
[Date "2021.02.28"]
[Round "9"]
[White "Martinez Romero, Luis"]
[Black "Espinoza Roman, Juan Carlos"]
[Result "1-0"]
[WhiteElo "1740"]
[BlackElo "1700"]
[PlyCount "44"]
[EventDate "2021.02.13"]
[EventType "swiss"]
[EventRounds "9"]
[EventCountry "NCA"]
[SourceTitle "EXT 2022"]
[Source "ChessBase"]
[SourceDate "2021.10.06"]
[SourceVersion "1"]
[SourceVersionDate "2021.10.06"]
[SourceQuality "1"]

1. e4 e6 2. d4 d5 3. e5 c5 4. c3 Nc6 5. Nf3 Qb6 6. Be2 cxd4 7. cxd4 Nh6 8. Bxh6 Qxb2 9. Nbd2 gxh6 10. 0-0 Qb6 11. Rb1 Qd8 12. Qa4 Bd7 13. Rxb7 Nxe5 14. Qb3 Nxf3+ 15. Nxf3 Bd6 16. Rc1 Rb8 17. Ne5 Bxe5 18. dxe5 0-0 19. Qg3+ Kh8 20. Rxa7 Bb5 21. Bxb5 Rxb5 22. h3 Ra5 1-0

[Event "NCA-ch sf"]
[Site "Managua"]
[Date "2021.02.14"]
[Round "3"]
[White "Espinoza Roman, Juan Carlos"]
[Black "Avalos, Carlos"]
[Result "1/2-1/2"]
[WhiteElo "1700"]
[BlackElo "1854"]
[PlyCount "28"]
[EventDate "2021.02.13"]
[EventType "swiss"]
[EventRounds "9"]
[EventCountry "NCA"]
[SourceTitle "EXT 2022"]
[Source "ChessBase"]
[SourceDate "2021.10.06"]
[SourceVersion "1"]
[SourceVersionDate "2021.10.06"]
[SourceQuality "1"]

1. d4 d5 2. Nf3 e6 3. c3 Nf6 4. Bg5 Nbd7 5. e3 c5 6. Nbd2 Be7 7. Bd3 h6 8. Bf4 b6 9. Ne5 Bb7 10. Qf3 Nxe5 11. Bxe5 Bd6 12. Bb5+ Ke7 13. Bg3 Qc7 14. Bd3 Rhd8 1/2-1/2

[Event "NCA-chT final"]
[Site "Managua"]
[Date "2019.11.17"]
[Round "10.1"]
[White "Morales, Alvaro Antonio"]
[Black "Espinoza Roman, Juan Carlos"]
[Result "1/2-1/2"]
[WhiteElo "2035"]
[BlackElo "1760"]
[PlyCount "94"]
[EventDate "2019.10.26"]
[EventType "team-tourn"]
[EventRounds "11"]
[EventCountry "NCA"]
[SourceTitle "EXT 2021"]
[Source "ChessBase"]
[SourceDate "2020.10.23"]
[SourceVersion "1"]
[SourceVersionDate "2020.10.23"]
[SourceQuality "1"]
[WhiteTeam "Universidad de Ingenieria"]
[BlackTeam "Diamante de Las Segovias"]
[WhiteTeamCountry "NCA"]
[BlackTeamCountry "NCA"]

1. d4 Nf6 2. Bg5 Ne4 3. h4 c5 4. c3 d5 5. Nd2 Nxg5 6. hxg5 cxd4 7. cxd4 Qb6 8. Qc2 Nc6 9. Ngf3 g6 10. e3 Bf5 11. Qb3 Bg7 12. Qxb6 axb6 13. Bb5 0-0 14. a3 Ra5 15. Be2 e5 16. Nb3 Raa8 17. Rc1 exd4 18. Nbxd4 Nxd4 19. Nxd4 Bxd4 20. exd4 Ra4 21. Rh4 Bd7 22. Kd2 Kg7 23. Bf3 Bc6 24. Re1 b5 25. Re5 Rd8 26. Bd1 Ra6 27. Re7 Rd7 28. Rxd7 Bxd7 29. Bb3 Rd6 30. Rh1 Bc6 31. Re1 Rd7 32. Re5 f6 33. gxf6+ Kxf6 34. Ke3 Re7 35. Rxe7 Kxe7 36. Kf4 Kf6 37. Bc2 Bd7 38. Bd3 Bc6 39. g4 Bd7 40. g5+ Ke6 41. Be2 Kd6 42. Bf3 Be8 43. Ke3 Bd7 44. Be2 Bc6 45. Bd3 Ke6 46. Bf1 Bd7 47. Bg2 Bc6 1/2-1/2

[Event "NCA-chT final"]
[Site "Managua"]
[Date "2019.11.10"]
[Round "7.1"]
[White "Espinoza Roman, Juan Carlos"]
[Black "Garcia, Antonio3"]
[Result "0-1"]
[WhiteElo "1760"]
[BlackElo "1812"]
[PlyCount "82"]
[EventDate "2019.10.26"]
[EventType "team-tourn"]
[EventRounds "11"]
[EventCountry "NCA"]
[SourceTitle "EXT 2021"]
[Source "ChessBase"]
[SourceDate "2020.10.23"]
[SourceVersion "1"]
[SourceVersionDate "2020.10.23"]
[SourceQuality "1"]
[WhiteTeam "Diamante de Las Segovias"]
[BlackTeam "Jose Raul Capablanca"]
[WhiteTeamCountry "NCA"]
[BlackTeamCountry "NCA"]

1. d4 Nf6 2. Bg5 Ne4 3. h4 d5 4. Nd2 Bf5 5. e3 h5 6. Be2 g6 7. Nxe4 dxe4 8. c3 c6 9. Bc4 Qb6 10. Ne2 Bg4 11. Qc2 Bxe2 12. Bxe2 f5 13. 0-0 Nd7 14. Bc4 Bg7 15. f3 exf3 16. gxf3 Bf6 17. Qg2 0-0-0 18. Kh1 c5 19. a4 Bxg5 20. a5 Qd6 21. Qxg5 cxd4 22. cxd4 Kb8 23. a6 b6 24. Rg1 Rc8 25. b3 Nf8 26. Qg3 Rh7 27. Qxd6+ exd6 28. e4 f4 29. Rg5 Re7 30. Rd5 Re6 31. Rg1 Rf6 32. e5 dxe5 33. Rxe5 Rd8 34. d5 Kc7 35. Re7+ Rd7 36. Re8 Kd6 37. Rge1 Rff7 38. R1e6+ Kc5 39. Rc6+ Kb4 40. d6 Rf6 41. Rc7 Rfxd6 0-1

[Event "NCA-chT final"]
[Site "Managua"]
[Date "2019.11.10"]
[Round "8.1"]
[White "Espinoza Roman, Juan Carlos"]
[Black "Gutierrez, Oscar"]
[Result "1/2-1/2"]
[WhiteElo "1760"]
[BlackElo "1948"]
[PlyCount "20"]
[EventDate "2019.10.26"]
[EventType "team-tourn"]
[EventRounds "11"]
[EventCountry "NCA"]
[SourceTitle "EXT 2021"]
[Source "ChessBase"]
[SourceDate "2020.10.23"]
[SourceVersion "1"]
[SourceVersionDate "2020.10.23"]
[SourceQuality "1"]
[WhiteTeam "Diamante de Las Segovias"]
[BlackTeam "Clemente Guido"]
[WhiteTeamCountry "NCA"]
[BlackTeamCountry "NCA"]

1. d4 Nf6 2. Bg5 c5 3. Bxf6 gxf6 4. e3 Nc6 5. Nc3 d5 6. Bb5 Bd7 7. Be2 Bc8 8. Bb5 Bd7 9. Be2 Bc8 10. Bb5 Bd7 1/2-1/2

[Event "NCA-chT fase1"]
[Site "Managua"]
[Date "2019.10.13"]
[Round "9.1"]
[White "Espinoza Roman, Juan Carlos"]
[Black "Cepeda Garcia, Juan Tomas"]
[Result "0-1"]
[WhiteElo "1760"]
[BlackElo "1900"]
[PlyCount "82"]
[EventDate "2019.09.28"]
[EventType "team-swiss"]
[EventRounds "9"]
[EventCountry "NCA"]
[SourceTitle "CBM 194 Extra"]
[Source "ChessBase"]
[SourceDate "2020.03.31"]
[SourceVersion "1"]
[SourceVersionDate "2020.03.31"]
[SourceQuality "1"]
[WhiteTeam "Diamante de Las Segovias"]
[BlackTeam "Nicaragua CC"]
[WhiteTeamCountry "NCA"]
[BlackTeamCountry "NCA"]

1. d4 d6 2. Bf4 Nd7 3. Nf3 Ngf6 4. e3 Nh5 5. Bg5 h6 6. Bh4 g5 7. Nfd2 Ndf6 8. Be2 Ng7 9. Bg3 Nf5 10. Bd3 Nxg3 11. hxg3 Bg7 12. Nc3 c6 13. Nce4 Nxe4 14. Bxe4 d5 15. Bd3 Qc7 16. c3 Bd7 17. Qf3 Rf8 18. Qe2 0-0-0 19. Nb3 e5 20. dxe5 Qxe5 21. 0-0-0 Rfe8 22. Qc2 b6 23. Nd2 c5 24. Nf3 Qe6 25. Rd2 Kb8 26. Rhd1 d4 27. exd4 Qxa2 28. Qb1 Qa5 29. dxc5 Qxc5 30. Be4 g4 31. Rxd7 Rxd7 32. Rxd7 gxf3 33. Qd3 Re7 34. Rd8+ Kc7 35. Rd5 Qc6 36. Re5 Rd7 37. Qa6 fxg2 38. Qxa7+ Kd6 39. Qb8+ Qc7 40. Rd5+ Ke6 41. Qxc7 g1Q+ 0-1

[Event "NCA-chT fase1"]
[Site "Managua"]
[Date "2019.10.12"]
[Round "7.1"]
[White "Berrios Vanegas, Yanko Antonio"]
[Black "Espinoza Roman, Juan Carlos"]
[Result "0-1"]
[WhiteElo "1554"]
[BlackElo "1760"]
[PlyCount "70"]
[EventDate "2019.09.28"]
[EventType "team-swiss"]
[EventRounds "9"]
[EventCountry "NCA"]
[SourceTitle "CBM 194 Extra"]
[Source "ChessBase"]
[SourceDate "2020.03.31"]
[SourceVersion "1"]
[SourceVersionDate "2020.03.31"]
[SourceQuality "1"]
[WhiteTeam "Sandino"]
[BlackTeam "Diamante de Las Segovias"]
[WhiteTeamCountry "NCA"]
[BlackTeamCountry "NCA"]

1. e4 g6 2. d4 Bg7 3. Nf3 c5 4. d5 d6 5. Bd3 Nf6 6. 0-0 0-0 7. c3 Bg4 8. h3 Bxf3 9. Qxf3 Nbd7 10. Bf4 Qb6 11. Qe2 Nh5 12. Be3 Ne5 13. Na3 Nxd3 14. Qxd3 a6 15. Nc4 Qc7 16. b3 b5 17. Nd2 Qa5 18. g4 Nf6 19. e5 Nd7 20. exd6 exd6 21. Ne4 Qc7 22. Rac1 Ne5 23. Qe2 c4 24. b4 Nd3 25. Rc2 Rfe8 26. Qf3 Qe7 27. Ng3 Qh4 28. Ne4 Qe7 29. Ng3 Ne5 30. Qg2 Qf6 31. Bd4 Nf3+ 32. Kh1 Nxd4 33. cxd4 Qxd4 34. f4 Qd3 35. f5 Re3 0-1

[Event "NCA-chT fase1"]
[Site "Managua"]
[Date "2019.10.05"]
[Round "4.1"]
[White "Espinoza Roman, Juan Carlos"]
[Black "Vanegas Lopez, Natanael Emanuel"]
[Result "1-0"]
[WhiteElo "1760"]
[BlackElo "1435"]
[PlyCount "77"]
[EventDate "2019.09.28"]
[EventType "team-swiss"]
[EventRounds "9"]
[EventCountry "NCA"]
[SourceTitle "CBM 194 Extra"]
[Source "ChessBase"]
[SourceDate "2020.03.31"]
[SourceVersion "1"]
[SourceVersionDate "2020.03.31"]
[SourceQuality "1"]
[WhiteTeam "Diamante de Las Segovias"]
[BlackTeam "Los Jackers"]
[WhiteTeamCountry "NCA"]
[BlackTeamCountry "NCA"]

1. d4 d5 2. Bf4 Nf6 3. e3 e6 4. Nf3 c5 5. c3 Nc6 6. Nbd2 h6 7. h3 cxd4 8. exd4 Bd6 9. Bxd6 Qxd6 10. Bd3 0-0 11. Qe2 Re8 12. Ne5 Qc7 13. f4 Nd7 14. 0-0 a6 15. Rae1 Ndxe5 16. fxe5 Na7 17. Qh5 Rf8 18. Rf2 Bd7 19. Ref1 Bb5 20. Rf3 Bxd3 21. Rxd3 Qe7 22. Rg3 f6 23. Qxh6 fxe5 24. Rxf8+ Rxf8 25. dxe5 Nc6 26. Nf3 Rf5 27. Qe3 Qc7 28. Qc5 Qb8 29. Qa3 Qe8 30. Rg5 Rf4 31. Qc5 Rf7 32. Qd6 Rf4 33. h4 Qf8 34. Qxe6+ Qf7 35. Qc8+ Kh7 36. Rg3 Qe7 37. Ng5+ Kg6 38. Ne6+ Kh7 39. Rxg7+ 1-0

[Event "NCA-ch sf"]
[Site "Managua"]
[Date "2018.02.24"]
[Round "7"]
[White "Mejia, Donaldo"]
[Black "Espinoza Roman, Juan Carlos"]
[Result "1-0"]
[WhiteElo "1837"]
[BlackElo "1791"]
[PlyCount "71"]
[EventDate "2018.02.10"]
[EventType "swiss"]
[EventRounds "9"]
[EventCountry "NCA"]
[SourceTitle "CBM 183 Extra"]
[Source "ChessBase"]
[SourceDate "2018.04.19"]
[SourceVersion "1"]
[SourceVersionDate "2018.04.19"]
[SourceQuality "1"]

1. e4 g6 2. d4 Bg7 3. Nc3 c5 4. Nf3 cxd4 5. Nxd4 Nc6 6. Nb3 d6 7. Be2 Nf6 8. Be3 Be6 9. f4 h5 10. h3 h4 11. 0-0 Nh5 12. Bxh5 Rxh5 13. f5 Bxb3 14. axb3 Qd7 15. Nb5 Bf6 16. Bb6 Kf8 17. Nxa7 Kg7 18. c3 Ne5 19. Bd4 Rb8 20. fxg6 Rg5 21. Kh1 Rxg6 22. Qe2 Rg3 23. Rf5 Rh8 24. Bf2 Rg6 25. Bg1 Rg3 26. Bf2 e6 27. Rf4 Rg6 28. Be3 Rg3 29. Bf2 Rg6 30. Bg1 Rg3 31. Bh2 Rg5 32. Nb5 Rh6 33. Rg1 Qc6 34. Nd4 Qb6 35. b4 Rhg6 36. Qf2 1-0